Meilleurs lycées de France - Statistiques

Statistiques générales
  • Ce quiz a été pris 48 fois
  • Le résultat moyen est 3 sur 10
Statistiques - réponses
Hint Réponse % Correct
1 Louis le Grand
82%
3 Henri 4
75%
4 Stanislas
61%
7 Charlemagne
11%
9 Sainte-Geneviève
9%
10 Sainte-Marie
7%
2 Sainte Dominique
7%
5 Jeanine Manuel
5%
8 Charles Péguy
0%
6 Ecole alsacienne
0%
Aucun quiz correspondant
Distribution des résultats
% des personnes avec chaque résultat
Percentile par nombre de réponses
Votre historique - résultats
Vous n’avez pas pris ce quiz